Managing Corporate Reputation for Financial Stability in Crisis Situations
Skúmanie finančného dopadu reputácie spoločností v odvetví nealkoholických nápojov so zameraním na to, ako spoločnosti rôznych veľkostí využívajú svoju reputáciu na dosiahnutie finančného úspechu.
Uložené v:
| Hlavný autor: | |
|---|---|
| Ďalší autori: | , |
| Médium: | Kapitola |
| Jazyk: | English |
| Predmet: | |
| Tagy: |
Žiadne tagy, Buďte prvý, kto otaguje tento záznam!
|
MARC
| LEADER | 00000naa a2200000 4500 | ||
|---|---|---|---|
| 001 | 0313023 | ||
| 005 | 20251104134227.2 | ||
| 041 | 0 | |a eng | |
| 044 | |a SK | ||
| 245 | 1 | 0 | |a Managing Corporate Reputation for Financial Stability in Crisis Situations |c Zuzana Štofaníková, Kristián Kalamen, František Pollák |
| 520 | |a Skúmanie finančného dopadu reputácie spoločností v odvetví nealkoholických nápojov so zameraním na to, ako spoločnosti rôznych veľkostí využívajú svoju reputáciu na dosiahnutie finančného úspechu. | ||
| 610 | 2 | 0 | |a reputácia podniku |
| 610 | 2 | 0 | |a goodwill |
| 610 | 2 | 0 | |a nápoje nealkoholické |
| 610 | 2 | 0 | |a výkonnosť finančná |
| 610 | 2 | 0 | |a výkonnosť |
| 610 | 2 | 0 | |a tržby |
| 610 | 2 | 0 | |a kríza |
| 100 | 1 | |a Štofaníková, Zuzana | |
| 700 | 1 | |a Kalamen, Kristián, 1996- | |
| 700 | 1 | |a Pollák, František, 1985- | |